|
|
|
|
| LEADER |
00000nab a2200000 a 4500 |
| 001 |
vtls008951812 |
| 003 |
SK-MaSNL |
| 005 |
20260304142344.0 |
| 008 |
250505c2006 xo |||||||||||000 b|slo |
| 015 |
|
|
|a SNBRB2007/03
|2 snkbucl
|
| 035 |
|
|
|a (uuid)5ec225d7-60ec-4499-be1a-d678f19264b1
|
| 035 |
|
|
|a urn:nbn:sk:snk-abzhm
|
| 035 |
|
|
|a (urnnbn)urn:nbn:sk:snk:ar-a05cj2
|
| 038 |
|
|
|a SNKBUCL
|
| 040 |
|
|
|a SNKBUCL
|b slo
|c SNKBUCL
|e AACR2
|
| 041 |
0 |
|
|a slo
|
| 044 |
|
|
|a xo
|c SK
|
| 080 |
|
|
|a 004.355.085.072
|2 2001
|
| 080 |
|
|
|a 004.085.072
|2 2001
|
| 100 |
1 |
|
|a Macko, Ondrej
|4 aut
|9 270160
|
| 245 |
1 |
0 |
|a Mechanika Blu-ray pre PC
|c Ondrej Macko
|
| 300 |
|
|
|b Obr., sch.
|
| 650 |
0 |
7 |
|a Blu-ray technológia
|2 snkbucl
|9 1035649
|
| 650 |
0 |
7 |
|a Blu-ray mechaniky
|2 snkbucl
|9 1461951
|
| 650 |
0 |
7 |
|a optické disky
|2 snkbucl
|9 92719
|
| 650 |
0 |
7 |
|a Blu-ray disky
|2 snkbucl
|9 1049780
|
| 650 |
0 |
7 |
|a LG GBW-H10N (mechanika)
|2 snkbucl
|9 1461952
|
| 773 |
0 |
|
|t PC revue
|g Roč. XIV, č. 12 (2006), s. 24-25
|x 1335-0226
|
| 850 |
|
|
|a Slovenská národná knižnica
|
| 852 |
|
|
|a Slovenská národná knižnica
|
| 954 |
|
|
|a odborná, vedecká literatúra pôvodná (slovenská)
|2 lita
|
| 958 |
|
|
|a article27
|
| 958 |
|
|
|a OND
|
| 958 |
|
|
|a EUIPO
|
| 999 |
|
|
|c 2920931
|d 2922861
|